[Event "CZE-ch Open 2019"]
[Site "Ostrava"]
[Date "2019.05.04"]
[Round "8.19"]
[White "Freisler, Pavel"]
[Black "Worek, Joanna"]
[Result "0-1"]
[WhiteElo "2251"]
[BlackElo "2307"]
[Annotator "NA"]
[PlyCount "80"]
[EventDate "2019.04.27"]
[EventType "swiss"]
[EventCountry "CZE"]
[SourceTitle "playchess.com"]
[Source "ChessBase"]
[SourceQuality "1"]
[TimeControl "40/5400+30:1800+30"]

1. Nf3 {[%emt 0:00:00]} c5 {[%emt 0:00:00]} 2. b3 {[%emt 0:05:11]} d6 {[%emt 0:04:59]} 3. e3 {[%emt 0:08:26]} Nf6 {[%emt 0:01:06]} 4. Bb2 {[%emt 0:00:25]} g6 {[%emt 0:00:13]} 5. c4 {[%emt 0:06:47]} Bg7 {[%emt 0:00:07]} 6. Nc3 {[%emt 0:00:08]} O-O {[%emt 0:00:24]} 7. Be2 {[%emt 0:00:03]} b6 {[%emt 0:00:20]} 8. d4 {[%emt 0:02:21]} Nc6 {[%emt 0:04:16]} 9. d5 {[%emt 0:13:41]} Ne5 {[%emt 0:00:46]} 10. Nxe5 {[%emt 0:00:07]} dxe5 {[%emt 0:00:05]} 11. e4 {[%emt 0:00:03]} Ne8 {[%emt 0:00:49]} 12. Bc1 {[%emt 0:15:17]} Nd6 {[%emt 0:07:30]} 13. Be3 {[%emt 0:00:44]} f5 {[%emt 0:01:37]} 14. f3 {[%emt 0:00:12]} Bd7 {[%emt 0:02:52]} 15. Qd2 {[%emt 0:05:13]} Qe8 {[%emt 0:03:58]} 16. g4 {[%emt 0:02:14]} fxg4 {[%emt 0:02:49]} 17. fxg4 {[%emt 0:00:02]} Rf4 {[%emt 0:00:06]} 18. Bxf4 {[%emt 0:15:51]} exf4 {[%emt 0:00:05]} 19. e5 {[%emt 0:00:18]} Bxe5 {[%emt 0:00:19]} 20. O-O-O {[%emt 0:00:20]} Qf7 {[%emt 0:01:48]} 21. Bf3 {[%emt 0:00:54]} a6 {[%emt 0:07:14]} 22. Rhe1 {[%emt 0:02:52]} Bd4 {[%emt 0:00:18]} 23. Ne4 {[%emt 0:01:25]} b5 {[%emt 0:01:32]} 24. Nxd6 {[%emt 0:05:11]} exd6 {[%emt 0:00:06]} 25. Re4 {[%emt 0:00:04]} Be3 {[%emt 0:00:44]} 26. Rxe3 {[%emt 0:00:15]} fxe3 {[%emt 0:00:04]} 27. Qxe3 {[%emt 0:00:33]} Re8 {[%emt 0:00:09]} 28. Be4 {[%emt 0:05:53]} Bxg4 {[%emt 0:04:29]} 29. Re1 {[%emt 0:01:34]} Qf6 {[%emt 0:01:52]} 30. Qg3 {[%emt 0:02:04]} Rxe4 {[%emt 0:12:55]} 31. Rxe4 {[%emt 0:00:07]} Qa1+ {[%emt 0:00:03]} 32. Kd2 {[%emt 0:01:01]} Qxa2+ {[%emt 0:00:06]} 33. Ke3 {[%emt 0:00:17]} Qe2+ {[%emt 0:00:07]} 34. Kf4 {[%emt 0:00:18]} g5+ {[%emt 0:00:04]} 35. Kxg5 {[%emt 0:00:39]} Qxe4 {[%emt 0:00:07]} 36. Qxd6 {[%emt 0:01:38]} Qf5+ {[%emt 0:01:01]} 37. Kh4 {[%emt 0:00:04]} Qh5+ {[%emt 0:00:07]} 38. Kg3 {[%emt 0:00:07]} Qh3+ {[%emt 0:00:02]} 39. Kf2 {[%emt 0:00:16]} Qf3+ {[%emt 0:00:02]} 40. Kg1 {[%emt 0:01:08]} Qe3+ {[%emt 0:00:08]} 0-1

[Event "CZE-ch Open 2019"]
[Site "Ostrava"]
[Date "2019.05.04"]
[Round "8.20"]
[White "Ludvik, Tomas"]
[Black "Malik, Jan"]
[Result "1/2-1/2"]
[WhiteElo "2274"]
[BlackElo "2294"]
[Annotator "TA"]
[PlyCount "97"]
[EventDate "2019.04.27"]
[EventType "swiss"]
[EventCountry "CZE"]
[SourceTitle "playchess.com"]
[Source "ChessBase"]
[SourceQuality "1"]

{[%evp 11,97,20,5,5,14,11,16,-3,16,14,16,16,20,23,68,49,59,80,117,113,156,67,88,83,91,85,97,95,100,86,162,0,0,-38,-38,-67,-64,-67,-14,0,-8,-10,0,-60,-45,-63,-59,-103,-108,-232,-261,-675,-657,-672,-586,-601,-94,-56,236,228,220,217,267,177,186,0,257,257,299,299,318,308,375,365,378,279,364,356,356,356,429,416,441,179,173,103,216,0]} 1. d4 d5 2. c4 c6 3. Nf3 Nf6 4. e3 e6 5. Nbd2 c5 6. dxc5 Bxc5 7. a3 {D30: Queen's Gambit Declined: Systems without Nc3} a5 8. b3 (8. Qc2 O-O 9. b3 b6 10. Bb2 Bb7 11. Bd3 Nbd7 12. cxd5 exd5 13. Bd4 Bxd4 14. Nxd4 Ne5 {1-0 (40) Duda,J (2731)-Navara,D (2739) Prague 2019}) 8... Nc6 9. Bb2 {The position is equal.} O-O 10. Bd3 d4 11. exd4 Nxd4 12. O-O e5 $146 ({Predecessor:} 12... Ra6 13. Ne4 Nxe4 14. Bxe4 Rd6 {1-0 (43) Delander,A-Niehus,E Buschhuetten 1967}) 13. Nxe5 Re8 14. Ndf3 {Black must now prevent Nxd4.} Nxf3+ 15. Qxf3 ({Much worse is} 15. gxf3 $6 Nh5 $11) 15... Bd4 16. Rad1 (16. Bxh7+ $1 $16 Kxh7 17. Qd3+ {[%mdl 64] Double Attack} Kg8 18. Qxd4) 16... Bxb2 $14 {[#]} 17. Bxh7+ $1 {[%mdl 576] Discovered Attack} Kxh7 (17... Nxh7 18. Qxf7+) 18. Rxd8 Rxd8 19. Nxf7 Rf8 20. Ng5+ $1 Kg8 (20... Kh8 $16 {is a better defense.}) 21. h3 $2 (21. b4 $1 $18) 21... Bxa3 $11 22. Rd1 Bc5 23. Kh1 Ra6 24. Rd2 a4 (24... b6 $15) 25. bxa4 $1 Rxa4 26. Qd1 Ra8 27. Qb1 (27. Rd8 $11) 27... b6 $15 28. Re2 Bd7 29. Rd2 {aiming for Rxd7!} Bc6 30. Ne6 (30. h4 $17) 30... Ne4 $1 $19 {[%cal Re4d2]} 31. Rb2 $2 (31. Re2 Rxf2 32. Rxf2 Nxf2+ 33. Kg1) 31... Nxf2+ 32. Kh2 Bd6+ 33. Kg1 Rf6 $2 (33... Be4 $19 {and Black stays clearly on top.} 34. Qf1 Nxh3+ $1 {[%mdl 576] Discovered Attack} 35. gxh3 Rxf1+ 36. Kxf1 Re8) 34. Ng5 $17 {[#] Qh7+ is the strong threat.} Ne4 $2 {[%mdl 8192]} (34... Nxh3+ $1 $15 {[%mdl 512]} 35. gxh3 Bc5+ 36. Kh2 Bd6+ 37. Kg1 Bc5+ 38. Kh2 Rh6) 35. Nxe4 $18 Bxe4 36. Qxe4 Bc5+ 37. Kh2 Bd6+ 38. Kg1 (38. g3 $142 Ra5 39. h4) 38... Bc5+ $1 {[#]} 39. Kh1 $1 Rf1+ 40. Kh2 Ra3 41. Qd5+ Kh8 {( -> ...Bg1+)} 42. g3 Raf3 43. g4 Rf6 44. Re2 Kh7 45. h4 R1f3 46. Qe4+ Kh8 47. Qa8+ (47. Kg2 $142) 47... Kh7 {intending ...Bd6+.} 48. Rd2 ({Better is} 48. g5 $18 R6f4 49. Kg2 {[%mdl 64] Decoy} (49. g6+ Kxg6 50. Kg2 Rf1 $16)) 48... R3f4 {[#]} (48... Re3 $16) 49. Qd5 $2 {Accuracy: White = 42%, Black = 37%.} ({White should play} 49. Rd8 $1 $18) 1/2-1/2

[Event "CZE-ch Open 2019"]
[Site "Ostrava"]
[Date "2019.05.04"]
[Round "8.21"]
[White "Jun, Rudolf Jr."]
[Black "Vesselovsky, Serguei"]
[Result "1/2-1/2"]
[WhiteElo "2150"]
[BlackElo "2333"]
[Annotator "NA"]
[PlyCount "64"]
[EventDate "2019.04.27"]
[EventType "swiss"]
[EventCountry "CZE"]
[SourceTitle "playchess.com"]
[Source "ChessBase"]
[SourceQuality "1"]
[TimeControl "40/5400+30:1800+30"]

1. e4 {[%emt 0:00:00]} c5 {[%emt 0:00:00]} 2. Nf3 {[%emt 0:00:00]} d6 {[%emt 0:00:00]} 3. Bb5+ {[%emt 0:00:06]} Bd7 {[%emt 0:03:15]} 4. Bxd7+ {[%emt 0:00:15]} Qxd7 {[%emt 0:00:06]} 5. c4 {[%emt 0:00:10]} Nf6 {[%emt 0:00:33]} 6. Nc3 {[%emt 0:01:30]} Nc6 {[%emt 0:00:07]} 7. O-O {[%emt 0:00:21]} g6 {[%emt 0:00:42]} 8. d4 {[%emt 0:04:48]} cxd4 {[%emt 0:00:12]} 9. Nxd4 {[%emt 0:00:09]} Bg7 {[%emt 0:00:06]} 10. Nde2 {[%emt 0:01:11]} Qe6 {[%emt 0:01:18]} 11. Nd5 {[%emt 0:03:03]} Qxe4 {[%emt 0:00:45]} 12. Nc7+ {[%emt 0:03:05]} Kd7 {[%emt 0:00:12]} 13. Nxa8 {[%emt 0:01:04]} Qxc4 {[%emt 0:00:12]} 14. Be3 {[%emt 0:05:52]} Rxa8 {[%emt 0:00:38]} 15. Nd4 {[%emt 0:17:51]} Nd5 {[%emt 0:21:30]} 16. b3 {[%emt 0:16:32]} Nxe3 {[%emt 0:09:30]} 17. fxe3 {[%emt 0:00:18]} Qd5 {[%emt 0:04:13]} 18. Nxc6 {[%emt 0:01:22]} bxc6 {[%emt 0:05:29]} 19. Qxd5 {[%emt 0:00:30]} cxd5 {[%emt 0:00:02]} 20. Rad1 {[%emt 0:00:27]} Ke6 {[%emt 0:00:50]} 21. Kf2 {[%emt 0:01:10]} f5 {[%emt 0:10:42]} 22. Rd2 {[%emt 0:05:02]} Rc8 {[%emt 0:07:12]} 23. Rfd1 {[%emt 0:00:14]} Rc5 {[%emt 0:00:21]} 24. Ke2 {[%emt 0:04:33]} a5 {[%emt 0:02:28]} 25. a3 {[%emt 0:01:31]} Be5 {[%emt 0:11:54]} 26. g3 {[%emt 0:04:33]} h5 {[%emt 0:00:39]} 27. Kf3 {[%emt 0:00:45]} Bg7 {[%emt 0:05:55]} 28. h4 {[%emt 0:03:09]} Be5 {[%emt 0:03:34]} 29. Kf2 {[%emt 0:02:23]} Bf6 {[%emt 0:04:54]} 30. Kf3 {[%emt 0:00:25]} Be5 {[%emt 0:01:18]} 31. Kf2 {[%emt 0:00:18]} Bg7 {[%emt 0:02:20]} 32. Kf3 {[%emt 0:01:18]} Ke5 {Ke4+} 1/2-1/2

[Event "CZE-ch Open 2019"]
[Site "Ostrava"]
[Date "2019.05.04"]
[Round "8.22"]
[White "Svanda, Ondrej"]
[Black "Jedlicka, Ales"]
[Result "0-1"]
[WhiteElo "2304"]
[BlackElo "2225"]
[Annotator "NA"]
[PlyCount "72"]
[EventDate "2019.04.27"]
[EventType "swiss"]
[EventCountry "CZE"]
[SourceTitle "playchess.com"]
[Source "ChessBase"]
[SourceQuality "1"]
[TimeControl "40/5400+30:1800+30"]

1. e4 {[%emt 0:00:00]} c5 {[%emt 0:00:00]} 2. Nf3 {[%emt 0:00:00]} d6 {[%emt 0:00:00]} 3. d4 {[%emt 0:00:00]} cxd4 {[%emt 0:00:09]} 4. Nxd4 {[%emt 0:00:00]} Nf6 {[%emt 0:00:15]} 5. Nc3 {[%emt 0:00:00]} a6 {[%emt 0:00:12]} 6. Bg5 {[%emt 0:00:06]} Nbd7 {[%emt 0:00:17]} 7. Qe2 {[%emt 0:00:15]} e6 {[%emt 0:00:33]} 8. f4 {[%emt 0:01:34]} Qc7 {[%emt 0:00:26]} 9. O-O-O {[%emt 0:00:13]} Be7 {[%emt 0:00:48]} 10. g4 {[%emt 0:03:22]} h6 {[%emt 0:03:27]} 11. Bh4 {[%emt 0:02:39]} b5 {[%emt 0:01:34]} 12. a3 {[%emt 0:04:23]} Bb7 {[%emt 0:00:35]} 13. Rg1 {[%emt 0:00:19]} O-O-O {[%emt 0:07:33]} 14. Bg2 {[%emt 0:17:32]} Nb6 {[%emt 0:09:21]} 15. Bf2 {[%emt 0:12:58]} d5 {[%emt 0:09:08]} 16. e5 {[%emt 0:07:17]} Nfd7 {[%emt 0:00:24]} 17. Kb1 {[%emt 0:03:24]} Nc4 {[%emt 0:02:42]} 18. Na2 {[%emt 0:03:21]} Nc5 {[%emt 0:01:41]} 19. Nb3 {[%emt 0:02:08]} Na4 {[%emt 0:02:46]} 20. Bd4 {[%emt 0:00:12]} Kb8 {[%emt 0:00:36]} 21. Rd3 Rc8 {[%emt 0:00:45]} 22. Rc1 {[%emt 0:07:00]} a5 {[%emt 0:09:11]} 23. Nd2 {[%emt 0:03:35]} b4 {[%emt 0:03:11]} 24. Rb3 {[%emt 0:06:05]} bxa3 {[%emt 0:05:28]} 25. Nxc4 {[%emt 0:09:50]} Qxc4 {[%emt 0:00:33]} 26. Qe3 {[%emt 0:00:05]} axb2 {[%emt 0:00:56]} 27. Bxb2 {[%emt 0:00:05]} Bc5 {[%emt 0:02:09]} 28. Qd2 {[%emt 0:00:43]} Nxb2 {[%emt 0:01:29]} 29. Kxb2 {[%emt 0:00:07]} Qd4+ {[%emt 0:05:17]} 30. Qxd4 {[%emt 0:00:14]} Bxd4+ {[%emt 0:00:07]} 31. Ka3 {[%emt 0:01:05]} Ka7 {[%emt 0:01:52]} 32. Bf1 {[%emt 0:02:15]} Bc6 {[%emt 0:01:51]} 33. Rd3 {[%emt 0:04:56]} Bc5+ {[%emt 0:00:18]} 34. Kb2 {[%emt 0:00:04]} Rb8+ {[%emt 0:00:22]} 35. Ka1 {[%emt 0:00:09]} Rb6 {[%emt 0:04:41]} 36. c4 {[%emt 0:01:08]} d4 {[%emt 0:02:44]} 0-1

[Event "CZE-ch Open 2019"]
[Site "Ostrava"]
[Date "2019.05.04"]
[Round "8.23"]
[White "Obsivac, Josef"]
[Black "Kanakova, Natalie"]
[Result "0-1"]
[WhiteElo "2290"]
[BlackElo "2205"]
[Annotator "TA"]
[PlyCount "92"]
[EventDate "2019.04.27"]
[EventType "swiss"]
[EventCountry "CZE"]
[SourceTitle "playchess.com"]
[Source "ChessBase"]
[SourceQuality "1"]

{[%evp 12,131,3,-18,9,-1,0,0,-2,-4,21,0,12,9,13,17,57,16,14,6,12,11,6,0,0,0,1,-12,-20,-24,0,0,0,0,0,0,0,0,0,0,0,0,0,0,11,4,11,11,9,38,35,0,0,0,-5,-97,-97,-115,-114,-121,-121,-110,-116,-106,-110,-107,-81,-81,0,-179,-179,-170,-178,-265,-260,-272,-257,-298,-298,-288,-301,-314,-316,-363,-363,-358,-358,-370,-362,-362,-359,-334,-244,-244,-173,-173,-173,-173,-162,-146,-91,-231,-240,-1371,-1223,-1272,-1157,-1134,-910,-733,-653,-29969,-29970,-29969,-29970,-29975,-29975,-29979,-29980,-29981,-29982,-29988]} 1. d4 Nf6 2. c4 e6 3. Nc3 Bb4 4. e3 O-O 5. Nge2 Re8 6. a3 Bf8 7. d5 d6 {E46: Nimzo-Indian: Rubinstein: 4 e3 0-0 5 Ne2 without early Bd3} 8. Ng3 (8. g3 exd5 9. cxd5 c5 10. Bg2 Nbd7 11. O-O c4 12. Nd4 Nc5 13. Qe2 Nd3 14. b3 Nxc1 15. Rfxc1 cxb3 {½-½ (74) Caruana,F (2822)-So,W (2780) Saint Louis 2018}) 8... c6 9. Be2 exd5 {The position is equal.} 10. cxd5 cxd5 11. O-O d4 $146 ({Predecessor:} 11... Nc6 12. Bf3 Ne5 13. Nxd5 Nxf3+ 14. Qxf3 Nxd5 15. Qxd5 Qb6 {½-½ (15) Milanovic,D (2480)-Brkic,A (2597) Bad Gleichenberg 2014}) 12. exd4 d5 13. Bg5 Be6 14. Bf3 Be7 15. Qd3 Nc6 {[%cal Bb8c6,Bc6e7,Be7g6,Bg6h4][%mdl 32]} 16. Rad1 h6 17. Bc1 Qd7 18. Rfe1 Rac8 19. h3 Bd6 20. Nce2 Ne7 21. Bf4 Ng6 22. Bxd6 Qxd6 23. Nc3 Nh4 24. Re5 Ng6 25. Re3 Bd7 26. Rde1 Rxe3 27. Rxe3 Be6 28. Bd1 Qd7 29. Rf3 Nh4 30. Rxf6 gxf6 31. Nh5 Qd8 32. Qg3+ Ng6 33. Nf4 (33. Qe3 $11 {keeps the balance.} Kh7 34. g3) 33... Kh7 $17 34. Bh5 {[%cal Rh5g6]} Nxf4 35. Qxf4 f5 36. h4 Qc7 37. Qd2 f4 38. Bf3 Rd8 39. Ne2 Rc8 (39... Rg8 $17) 40. Kh2 $2 (40. Nc3 $11 {and White stays safe.}) 40... Qc2 $19 41. Qxf4 {[#]} Qc7 $1 42. Qxc7 (42. Kg3 $142) 42... Rxc7 {[%mdl 4096] Endgame KRB-KBN} 43. Nc3 Rc4 44. Nxd5 Rxd4 45. Nc7 b6 ({Much less strong is} 45... Rxh4+ 46. Kg3 $19) 46. Nb5 Rxh4+ {Played: Rd4-d2} 0-1

[Event "CZE-ch Open 2019"]
[Site "Ostrava"]
[Date "2019.05.04"]
[Round "8.24"]
[White "Taus, Martin"]
[Black "Vybiral, Zdenek"]
[Result "1-0"]
[WhiteElo "2104"]
[BlackElo "2269"]
[Annotator "NA RC"]
[PlyCount "96"]
[EventDate "2019.04.27"]
[EventType "swiss"]
[EventCountry "CZE"]
[SourceTitle "playchess.com"]
[Source "ChessBase"]
[SourceQuality "1"]
[TimeControl "40/5400+30:1800+30"]

1. e4 {[%emt 0:00:00]} c5 {[%emt 0:00:00]} 2. c3 {[%emt 0:00:00]} e6 {[%emt 0:00:00]} 3. d4 {[%emt 0:00:03]} d5 {[%emt 0:00:04]} 4. exd5 {[%emt 0:00:43]} exd5 {[%emt 0:00:06]} 5. Nf3 {[%emt 0:01:25]} Nc6 {[%emt 0:00:06]} 6. Bb5 {[%emt 0:04:05]} Bd6 {[%emt 0:15:13]} 7. O-O {[%emt 0:03:48]} Nge7 {[%emt 0:03:19]} 8. dxc5 {[%emt 0:03:02]} Bxc5 {[%emt 0:00:06]} 9. Nbd2 {[%emt 0:00:22]} O-O {[%emt 0:00:06]} 10. Nb3 {[%emt 0:01:22]} Bd6 {[%emt 0:00:38]} 11. Bg5 {[%emt 0:06:12]} f6 {[%emt 0:01:40]} 12. Bh4 {[%emt 0:06:10] C09: French Tarrasch: 3...c5 4 exd5 exd5 5 Ngf3 Nc6} Be6 {[%emt 0:00:07]} 13. Bg3 {[%emt 0:04:00]} Ne5 $146 {[%emt 0:13:49]} ({Predecessor:} 13... Bxg3 14. hxg3 Qb6 15. Be2 Rad8 16. Nfd4 Bf7 17. Re1 Ne5 18. a4 a5 19. Nb5 N7c6 {1-0 (57) Pridorozhni,A (2553)-Adamek,J (2244) Pardubice 2010}) 14. Re1 {[%emt 0:17:45]} N7g6 {[%emt 0:10:36]} 15. Nfd4 {[%emt 0:04:05]} Bf7 {[%emt 0:00:16]} 16. Nf5 {[%emt 0:01:54]} Bb8 {[%emt 0:01:31]} 17. Nbd4 {[%emt 0:05:42]} a6 {[%emt 0:02:11]} 18. Bf1 {[%emt 0:04:48]} Ba7 {[%emt 0:00:18]} 19. h4 {[%emt 0:02:11]} Re8 {[%emt 0:15:21]} 20. h5 {[%emt 0:19:11]} Ne7 {[%emt 0:00:15]} 21. Nxe7+ {[%emt 0:07:44]} Rxe7 {[%emt 0:00:26]} 22. Nf5 {[%emt 0:00:16]} Re8 {[%emt 0:00:10]} 23. Rxe5 {[%emt 0:02:15]} Rxe5 {[%emt 0:04:28]} 24. Qg4 {[%emt 0:00:41]} Rxf5 {[%emt 0:06:45]} 25. Qxf5 {[%emt 0:00:05]} Qc8 {[%emt 0:00:06]} 26. Qf3 {[%emt 0:00:42]} Qe6 {[%emt 0:00:36]} 27. Bd3 {[%emt 0:00:59]} Re8 {[%emt 0:01:02]} 28. Kf1 {[%emt 0:01:05]} Bc5 {[%emt 0:06:56]} 29. Bc2 {[%emt 0:00:49]} Qb6 {[%emt 0:04:23]} 30. Bb3 {[%emt 0:00:43]} Qb5+ {[%emt 0:01:48]} 31. Kg1 {[%emt 0:00:05]} a5 {[%emt 0:11:01]} 32. Rd1 {[%emt 0:00:50]} Rd8 {[%emt 0:00:42]} 33. c4 {[%emt 0:01:04]} Qb4 {[%emt 0:00:05]} 34. cxd5 {[%emt 0:00:50]} a4 {[%emt 0:00:18]} 35. Bc2 {[%emt 0:00:32]} Qxb2 {[%emt 0:00:05]} 36. Qe4 {[%emt 0:00:57]} g6 {[%emt 0:00:25]} 37. hxg6 {[%emt 0:00:55]} hxg6 {[%emt 0:00:24]} 38. d6 {[%emt 0:00:53]} Rd7 {[%emt 0:02:37]} 39. Bxa4 {[%emt 0:00:29]} b5 {[%emt 0:00:05]} 40. Rb1 {[%emt 0:00:30]} Qa3 {[%emt 0:00:39]} 41. Bxb5 {[%emt 0:04:21]} Qxg3 {[%emt 0:01:54]} 42. Bxd7 {[%emt 0:01:01]} Qxf2+ {[%emt 0:00:56]} 43. Kh1 {[%emt 0:01:15]} Qxa2 {[%emt 0:20:00]} 44. Rd1 {[%emt 0:10:59]} f5 {[%emt 0:00:24]} 45. Qd3 {[%emt 0:02:54]} Bb3 $2 {[%emt 0:07:37]} (45... Qf2) 46. Bc6 {[%emt 0:01:55]} Kg7 {[%emt 0:02:26] [#]} 47. d7 $1 {[%emt 0:05:48]} Bb6 {[%emt 0:00:29]} 48. Rb1 {[%emt 0:00:49]} Bc2 1-0

[Event "CZE-ch Open 2019"]
[Site "Ostrava"]
[Date "2019.05.04"]
[Round "8.25"]
[White "Bartos, Jan"]
[Black "Otruba, Marek"]
[Result "1/2-1/2"]
[WhiteElo "2187"]
[BlackElo "2101"]
[Annotator "NA"]
[PlyCount "61"]
[EventDate "2019.04.27"]
[EventType "swiss"]
[EventCountry "CZE"]
[SourceTitle "playchess.com"]
[Source "ChessBase"]
[SourceQuality "1"]
[TimeControl "40/5400+30:1800+30"]

1. Nf3 {[%emt 0:00:00]} d5 {[%emt 0:00:00]} 2. c4 {[%emt 0:00:17]} e6 {[%emt 0:00:00]} 3. g3 {[%emt 0:00:14]} Nf6 {[%emt 0:00:00]} 4. b3 {[%emt 0:00:07]} c5 {[%emt 0:00:32]} 5. cxd5 {[%emt 0:00:40]} Nxd5 {[%emt 0:01:36]} 6. Bb2 {[%emt 0:00:13]} b6 {[%emt 0:02:48]} 7. Bg2 {[%emt 0:00:45]} Bb7 {[%emt 0:00:15]} 8. O-O {[%emt 0:00:29]} Nd7 {[%emt 0:01:56]} 9. d4 {[%emt 0:19:00]} N5f6 {[%emt 0:09:44]} 10. Nc3 {[%emt 0:02:08]} cxd4 {[%emt 0:03:27]} 11. Qxd4 {[%emt 0:03:25]} Bc5 {[%emt 0:01:50]} 12. Qf4 {[%emt 0:02:49]} O-O {[%emt 0:03:17]} 13. Rfd1 {[%emt 0:01:52]} Qe7 {[%emt 0:02:02]} 14. Na4 {[%emt 0:24:59]} Nd5 {[%emt 0:08:55]} 15. Qg5 {[%emt 0:04:42]} Qxg5 {[%emt 0:08:42]} 16. Nxg5 {[%emt 0:00:02]} Be7 {[%emt 0:00:11]} 17. Ne4 {[%emt 0:00:22]} Rac8 {[%emt 0:01:24]} 18. Rac1 {[%emt 0:05:36]} Rxc1 {[%emt 0:06:14]} 19. Rxc1 {[%emt 0:00:11]} Rc8 {[%emt 0:00:03]} 20. Rxc8+ {[%emt 0:00:40]} Bxc8 {[%emt 0:00:06]} 21. Nac3 {[%emt 0:00:30]} Nc7 {[%emt 0:09:30]} 22. Kf1 {[%emt 0:03:46]} Kf8 {[%emt 0:01:20]} 23. Ke1 {[%emt 0:00:16]} Bb7 {[%emt 0:01:54]} 24. Kf1 {[%emt 0:02:27]} b5 {[%emt 0:02:33]} 25. Nd2 {[%emt 0:01:43]} Bxg2+ {[%emt 0:00:14]} 26. Kxg2 {[%emt 0:00:02]} Nb6 {[%emt 0:04:06]} 27. a4 {[%emt 0:05:01]} a6 {[%emt 0:04:07]} 28. axb5 {[%emt 0:00:31]} Nxb5 {[%emt 0:00:50]} 29. Nxb5 {[%emt 0:00:23]} axb5 {[%emt 0:00:04]} 30. e4 {[%emt 0:02:18]} Nd7 {[%emt 0:00:39]} 31. Kf3 {[%emt 0:00:52]} 1/2-1/2

[Event "CZE-ch Open 2019"]
[Site "Ostrava"]
[Date "2019.05.04"]
[Round "8.26"]
[White "Kana, Pavel"]
[Black "Bulockin, Martin"]
[Result "0-1"]
[WhiteElo "2013"]
[BlackElo "2219"]
[Annotator "NA"]
[PlyCount "88"]
[EventDate "2019.04.27"]
[EventType "swiss"]
[EventCountry "CZE"]
[SourceTitle "playchess.com"]
[Source "ChessBase"]
[SourceQuality "1"]
[TimeControl "40/5400+30:1800+30"]

1. e4 {[%emt 0:00:00]} c5 {[%emt 0:00:00]} 2. Nf3 {[%emt 0:00:05]} d6 {[%emt 0:00:00]} 3. d4 {[%emt 0:00:13]} cxd4 {[%emt 0:00:06]} 4. Qxd4 {[%emt 0:00:11]} a6 {[%emt 0:01:12]} 5. c4 {[%emt 0:01:14]} Nc6 {[%emt 0:00:09]} 6. Qe3 {[%emt 0:01:58]} Nf6 {[%emt 0:01:00]} 7. h3 {[%emt 0:00:14]} g6 {[%emt 0:01:09]} 8. Nc3 {[%emt 0:00:37]} Bg7 9. Be2 {[%emt 0:03:29]} O-O {[%emt 0:03:51]} 10. O-O {[%emt 0:00:12]} Bd7 {[%emt 0:05:49]} 11. Rb1 {[%emt 0:05:06]} a5 {[%emt 0:06:54]} 12. b3 {[%emt 0:02:34]} Ne8 {[%emt 0:05:41]} 13. Nd5 {[%emt 0:12:17]} Nc7 {[%emt 0:06:57]} 14. Bb2 {[%emt 0:07:01]} Bxb2 {[%emt 0:06:39]} 15. Rxb2 {[%emt 0:01:51]} f6 {[%emt 0:04:36]} 16. Nd4 {[%emt 0:07:47]} Nxd4 {[%emt 0:07:48]} 17. Qxd4 {[%emt 0:00:08]} e5 {[%emt 0:01:01]} 18. Qe3 {[%emt 0:12:31]} Nxd5 {[%emt 0:03:00]} 19. cxd5 {[%emt 0:01:28]} Rc8 {[%emt 0:02:45]} 20. Rc1 {[%emt 0:02:21]} Rxc1+ {[%emt 0:04:01]} 21. Qxc1 {[%emt 0:00:03]} Qb8 {[%emt 0:02:26]} 22. Rc2 {[%emt 0:01:59]} Rc8 {[%emt 0:03:28]} 23. Rxc8+ {[%emt 0:02:43]} Qxc8 {[%emt 0:00:26]} 24. Qxc8+ {[%emt 0:00:36]} Bxc8 {[%emt 0:00:01]} 25. h4 {[%emt 0:06:18]} f5 {[%emt 0:02:39]} 26. f3 {[%emt 0:06:47]} f4 {[%emt 0:05:59]} 27. g4 {[%emt 0:02:13]} fxg3 {[%emt 0:02:35]} 28. Kg2 {[%emt 0:00:11]} Bd7 {[%emt 0:01:12]} 29. a3 {[%emt 0:01:26]} Kf7 {[%emt 0:00:41]} 30. Kxg3 {[%emt 0:02:45]} Kf6 {[%emt 0:04:15]} 31. Bd3 {[%emt 0:02:42]} g5 {[%emt 0:00:48]} 32. Be2 {[%emt 0:01:01]} Kg6 {[%emt 0:00:16]} 33. Bf1 {[%emt 0:01:25]} Kh5 {[%emt 0:00:44]} 34. hxg5 {[%emt 0:03:07]} Kxg5 {[%emt 0:00:01]} 35. b4 {[%emt 0:01:46]} axb4 {[%emt 0:00:30]} 36. axb4 {[%emt 0:00:02]} h5 {[%emt 0:00:14]} 37. Be2 {[%emt 0:01:58]} h4+ {[%emt 0:00:08]} 38. Kf2 {[%emt 0:02:01]} Kf4 {[%emt 0:00:09]} 39. Bc4 {[%emt 0:03:41]} Ba4 {[%emt 0:03:12]} 40. Be2 {[%emt 0:03:44]} h3 {[%emt 0:00:23]} 41. Bf1 {[%emt 0:32:01]} h2 {[%emt 0:34:27]} 42. Bg2 {[%emt 0:00:15]} Bd7 {[%emt 0:00:14]} 43. Bh1 {[%emt 0:00:00]} Bh3 {[%emt 0:00:00]} 44. Ke2 {[%emt 0:00:00]} Kg3 {[%emt 0:00:00]} 0-1